| 000 | 00508nam a22001697a 4500 | ||
|---|---|---|---|
| 005 | 20160609170744.0 | ||
| 008 | 110810t xxu||||| |||| 00| 0 eng d | ||
| 040 |
_aBUAC _bFre _cBUC |
||
| 041 | _aFre | ||
| 245 |
_aTextes fondamentaux du notariat béninois _c /République du Bénin |
||
| 260 |
_aCotonou _bEd Sokemi _c2007 |
||
| 300 |
_a124p. _c21cm |
||
| 504 | _aComprend : Annexes 117-145p | ||
| 630 |
_aSCIENCES SOCIALES _918099 |
||
| 650 |
_aNotariat : législation : Bénin _918100 |
||
| 942 | _cLIVR | ||
| 999 |
_c49583 _d49583 |
||